书目信息 |
| 题名: |
福建红色旅游资源开发研究
|
|
| 作者: | 徐仁立 , 刘建朝 编著 | |
| 分册: | ||
| 出版信息: | 北京 光明日报出版社 2019.05 |
|
| 页数: | 262页 | |
| 开本: | 24cm | |
| 丛书名: | ||
| 单 册: | ||
| 中图分类: | F592.757 | |
| 科图分类: | ||
| 主题词: | 革命纪念地--ge ming ji nian di--旅游资源开发--研究--福建 | |
| 电子资源: | ||
| ISBN: | 978-7-5194-5088-5 | |
| 000 | 01037nam0 2200265 450 | |
| 001 | 202019134039 | |
| 005 | 20191002113833.0 | |
| 010 | @a978-7-5194-5088-5@dCNY68.00 | |
| 100 | @a20190928d2019 em y0chiy50 ea | |
| 101 | 0 | @achi |
| 102 | @aCN@b110000 | |
| 105 | @ak a 000yy | |
| 106 | @ar | |
| 200 | 1 | @a福建红色旅游资源开发研究@Afu jian hong se lu^ you zi yuan kai fa yan jiu@f徐仁立, 刘建朝编著 |
| 210 | @a北京@c光明日报出版社@d2019.05 | |
| 215 | @a262页@d24cm | |
| 314 | @a徐仁立, 广西百色学院旅游管理学院教授。 | |
| 320 | @a有书目 | |
| 330 | @a《福建红色旅游资源开发研究》一书是介绍福建省红色旅游资源的图书。本书简述了福建近现代革命与建设史及红色文化资源的精神内涵, 全面介绍了福建红色旅游景区状况, 指出了市场推广与营销的途径, 并个案探讨了红色文化资源深度开发的前景。 | |
| 606 | 0 | @a革命纪念地@Age ming ji nian di@x旅游资源开发@x研究@y福建 |
| 690 | @aF592.757@v5 | |
| 701 | 0 | @a徐仁立@Axu ren li@4编著 |
| 701 | 0 | @a刘建朝@Aliu jian chao@4编著 |
| 801 | 0 | @aCN@c20190905 |
| 905 | @a河南城建学院图书馆@dF592.757@eX783 | |
| 福建红色旅游资源开发研究/徐仁立, 刘建朝编著.-北京:光明日报出版社,2019.05 |
| 262页;24cm |
| ISBN 978-7-5194-5088-5:CNY68.00 |
| 《福建红色旅游资源开发研究》一书是介绍福建省红色旅游资源的图书。本书简述了福建近现代革命与建设史及红色文化资源的精神内涵, 全面介绍了福建红色旅游景区状况, 指出了市场推广与营销的途径, 并个案探讨了红色文化资源深度开发的前景。 |
| ● |
| 相关链接 |
|
|
|
正题名:福建红色旅游资源开发研究
索取号:F592.757/X783
 
预约/预借
| 序号 | 登录号 | 条形码 | 馆藏地/架位号 | 状态 | 备注 |
| 1 | 1441715 | 214417157 | 社科库409/409社科库 40排1列4层/ [索取号:F592.757/X783] | 在馆 | |
| 2 | 1441716 | 214417166 | 社科库409/409社科库 40排1列4层/ [索取号:F592.757/X783] | 在馆 |